00439 2200169 4500001002100000005001500021035002000036007000300056008004100059020001800100082001300118084002300131100001600154245004700170260003600217990001600253INLIS00000000000231020260306110859 a0010-0326000258ta260306 0  a9786231892959 a920.0598 a920.0598 RIZ s c.10 aRizem Aizid1 aSELAYANG PANDANG K.H.ABDUL WAHAB HASBULLAH ayogyakarta :bDIVA Press,c2023 a2026/h/0382